000 00707cam a2200253 i 4500
008
020 _a0540073520 (pbk.)
049 _aMAIN
090 _aTA660.B4
100 1 _aWhite, G. W.
245 1 0 _aElementary beam theory and the ship girder /
_c[by] G. W. White.
260 _aLondon :
_bStanford Maritime,
_c1979.
300 _aiv, 124 p. :
_bill. ;
_c23 cm.
500 _aIncludes index.
650 0 _aGirders.
650 0 _aStrength of materials.
650 0 _aNaval architecture.
740 0 _aBeam theory.
907 _a.b10065167
_b26-01-07
_c17-04-03
003
005 20230123133240.0
040 _cNUST
942 _cBOOKS
_kTA660.B4
999 _c145329
_d145329